Bring Me The Horizon - Can You Feel My Heart Lyrics - Statistics

General Stats
  • This quiz has been taken 716 times
  • The average score is 15 of 19
Answer Stats
Hint Answer % Correct
___ you fix the broken? Can
100%
Can you ____ the silence? hear
98%
Can you see ___ dark? the
97%
___ ___ ____... Can you feel my heart? Can you feel
93%
Forgive me _____ father
85%
I love you ______ mother
85%
I can't _____ __ demons drown my
82%
They know how __ ____ to swim
82%
Will ___ wait for __? you me
81%
And I ____ being _____ hate alone
79%
The ______ I get higher
79%
I'm sorry _______ brother
78%
I'm scared to get ____ close
78%
The lower I ____ sink
75%
Can you save my _______ soul bastard
74%
I long for ____ feeling to ___ feel at ___ that not all
69%
So sorry _____ lover
65%
___ i'm begging on __ knees well my
49%
Can you ____ the ________ help hopeless
42%
No matching quizzes found
Score Distribution
Percent of People with Each Score
Percentile by Number Answered
Your Score History
You have not taken this quiz